000 00941nas a2200289 4500
001 BR8103006
003 BR-BrBNA
005 20231205084738.0
007 ta
008 230509b bl.|||p| |||| 00| 00por d
040 _aBR-BrBNA
_bpor
_cBiblioteca Nacional de Agricultura
041 _a(Pt)
072 _aF00; P05
100 1 _aMenezes, T.J.B. de
100 1 _aAzzini, A.
245 1 _aO bambu uma nova materia-prima para producao de etanol [Bambusa spp; Alcool; Brasil]
246 1 _aBamboo new raw-material for ethanol production [Bambusa spp; Alcohol; Brazil]
650 _aProducao vegetal
650 _aRecurso energetico
650 _aBambu
650 _aAlcool
650 _aIndustrializacao
650 _aEtanol
773 0 _tBoletim do Instituto de Tecnologia de Alimentos (Brazil)
_xISSN 0366-0281
_g(Apr 1981), v. 18(2) p. 145-154
_wBR8103006
909 _a202311
_bLúcia
_c55
_dLúcia Elande
942 _2AGRIS
_n0
_cANA
999 _c107027
_d107027